Алгоритмы адаптивного управления процессом преобразования энергии в фотоэлектрической системе: автореферат диссертации на соискание ученой степени кандидата технических наук; спец. 05.13.06

書誌詳細
第一著者: Гимазов Р. У. Руслан Уралович
団体著者: Национальный исследовательский Томский политехнический университет
その他の著者: Шидловский С. В. Станислав Викторович (научный руководитель)
要約:Защита сост. 24.09.2020 г.
言語:ロシア語
出版事項: Томск, [Б. и.], 2020
主題:
フォーマット: 図書
KOHA link:https://koha.lib.tpu.ru/cgi-bin/koha/opac-detail.pl?biblionumber=344987

MARC

LEADER 00000nam0a2200000 4500
001 344987
005 20240116115315.0
035 |a (RuTPU)RU\TPU\book\376785 
090 |a 344987 
100 |a 20200626d2020 k y0rusy50 ca 
101 0 |a rus 
102 |a RU 
105 |a a dm 001zy 
200 1 |a Алгоритмы адаптивного управления процессом преобразования энергии в фотоэлектрической системе  |e автореферат диссертации на соискание ученой степени кандидата технических наук  |e спец. 05.13.06  |f Р. У. Гимазов  |g Национальный исследовательский Томский политехнический университет ; науч. рук. С. В. Шидловский 
210 |a Томск  |c [Б. и.]  |d 2020 
215 |a 18 с.  |c ил. 
300 |a Защита сост. 24.09.2020 г. 
320 |a Библиогр.: с. 16-18 (15 назв.) 
606 1 |a Фотоэлектрические установки  |2 stltpush  |3 (RuTPU)RU\TPU\subj\64315  |9 81221 
610 1 |a фотоэлектрические системы 
610 1 |a преимущества 
610 1 |a недостатки 
610 1 |a математическое моделирование 
610 1 |a управление 
610 1 |a адаптивные алгоритмы 
610 1 |a аналитическое моделирование 
610 1 |a реализация 
610 1 |a прикладные задачи 
610 1 |a авторефераты диссертаций 
610 1 |a труды учёных ТПУ 
675 |a 621.383.4(04)  |v 4 
686 |a 05.13.06  |2 oksvnk 
700 1 |a Гимазов  |b Р. У.  |g Руслан Уралович 
702 1 |a Шидловский  |b С. В.  |c специалист в области теплоэнергетики  |c профессор Томского политехнического университета, доктор технических наук  |f 1981-  |g Станислав Викторович  |3 (RuTPU)RU\TPU\pers\26010  |4 727  |9 11859 
712 0 2 |a Национальный исследовательский Томский политехнический университет  |c (2009- )  |3 (RuTPU)RU\TPU\col\15902  |9 26305 
801 1 |a RU  |b 63413507  |c 20200626 
801 2 |a RU  |b 63413507  |c 20200915  |g RCR 
942 |c BK